79 Babynamen in Österreich (Jan/Febr 26') - Statistiken

Allgemein
  • Dieses Quiz wurde 9 mal gespielt
  • Das Durchschnittsergebnis liegt bei 40 aus 79
Antwortstatistiken
📍 Vorname % Korrekt
Al..s..d.o ♂️ Alessandro
89%
D.v.d ♂️ David
89%
El.s.b..h ♀️ Elisabeth
89%
Is.b.l.a ♀️ Isabella
89%
K.t..r..a ♀️ Katharina
89%
L.o ♂️ Leo
89%
Lu.s ♂️ Luis
89%
M.x.m.l..n ♂️ Maximilian
89%
C.m.l.a ♀️ Camilla
78%
G.b..e.a ♀️ Gabriela
78%
Ja.k ♂️ Jack
78%
L.o.h..d ♂️ Leonhard
78%
Le.p..d ♂️ Leopold
78%
L.l.y ♀️ Lilly
78%
R.c.a.d ♂️ Richard
78%
V.l..t.n ♂️ Valentin
78%
V.v..n ♀️ Vivien
78%
Al.s..a ♀️ Alessia
67%
A.t.n.o ♂️ Antonio
67%
A.t..r ♂️ Arthur
67%
Ba.t..s.r ♂️ Balthasar
67%
C.l.e ♀️ Chloe
67%
F.e.a ♀️ Freya
67%
H.l..a ♀️ Helena
67%
Le.i ♀️ Leni
67%
Ma.d.l..a ♀️ Magdalena
67%
M.r.e ♀️ Marie
67%
Ma.t.n ♂️ Martin
67%
M.t..l.a ♀️ Mathilda
67%
N.d..e ♀️ Nadine
67%
P.t.a ♀️ Petra
67%
S.p..a ♀️ Sophia
67%
Th.a ♀️ Thea
67%
V.l..t..a ♀️ Valentina
67%
Am.o ♂️ Ameo
56%
A.g..t ♂️ August
56%
Gi.b..t ♂️ Gilbert
56%
G.s..a ♀️ Gisela
56%
Gr.t.l ♀️ Gretel
56%
M.l.n ♂️ Milan
56%
O.k.r ♂️ Oskar
56%
R.m.o ♂️ Romeo
56%
Ro.y ♀️ Romy
56%
R.s..a ♀️ Rosina
56%
W.l.i.m ♂️ William
56%
A.d.e.s ♂️ Andreas
44%
A.r.l..s ♂️ Aurelius
44%
C.a.l.e ♂️ Charlie
44%
E.i.s ♂️ Elias
44%
M.r.s ♀️ Maris
44%
M.r.b.l.e ♀️ Mirabelle
44%
Ni.l.s ♂️ Niklas
44%
Op..l.a ♀️ Ophelia
44%
Wa.t.a.d ♀️ Waltraud
44%
At.e.u ♂️ Atreyu
33%
E.f..e.a ♀️ Elfrieda
33%
L.a.a ♀️ Liana
33%
L.j..a ♀️ Lijana
33%
L.v.a ♀️ Livia
33%
N.o.i ♀️ Naomi
33%
Ro.e ♀️ Rose
33%
H.v.n ♀️ Havin
22%
H.l.a ♀️ Helga
22%
L.n.a ♀️ Linea
22%
M.r.a ♀️ Marla
22%
R.b..a ♀️ Rubina
22%
S.l..a ♀️ Selina
22%
Th.r ♂️ Thor
22%
Al..a.d.a ♀️ Alexandra
11%
Am..a ♀️ Amaya
11%
Ba.a ♀️ Bala
11%
J.r.e ♂️ Jorge
11%
M.t.a ♀️ Matea
11%
Zi.a ♀️ Zita
11%
D.r.a ♀️ Darla
0%
Di.l.n ♂️ Dillon
0%
E.l.n ♀️ Eflin
0%
F.r..a ♀️ Farida
0%
N.i.a ♀️ Naima
0%
Keine übereinstimmenden Quizze gefunden
Verteilung der Resultate
Anzahl Personen mit jedem Resultat
Perzentil nach korrekt beantworteten Fragen
Ihre Resultats-Entwicklung
Sie haben dieses Quiz noch nicht gespielt